|
|
|
|
| LEADER |
01168nam a2200277 a 4500 |
| 001 |
15230012 |
| 008 |
110503s2010 nyu b 001 0 eng d |
| 010 |
|
|
|a 2008012830
|
| 020 |
|
|
|a 9788130912950
|
| 020 |
|
|
|a 9780791095973 (acid-free paper)
|
| 040 |
|
|
|a DLC
|c DLC
|d DLC
|d BD-DhAAL.
|
| 082 |
0 |
0 |
|a 821/.3
|2 22
|
| 245 |
0 |
4 |
|a The sonnets /
|c edited and with an introduction by Harold Bloom ; volume editor, Brett Foster.
|
| 260 |
|
|
|a New York :
|b Facts on file, Inc. ;
|a New Delhi :
|b Viva books,
|c 2010.
|
| 300 |
|
|
|a xvi, 388 p. ;
|c 25 cm.
|
| 490 |
0 |
|
|a Harold Bloom's Shakespeare through the ages
|
| 500 |
|
|
|a Set of 15 volumes.
|
| 504 |
|
|
|a Includes bibliographical references (p. 361-376) and index.
|
| 541 |
|
|
|e 00022420
|
| 600 |
1 |
0 |
|a Shakespeare, William
|d 1564-1616
|t Sonnets.
|
| 650 |
|
0 |
|a Sonnets, English
|x History and criticism.
|
| 700 |
1 |
|
|a Bloom, Harold.
|
| 700 |
1 |
|
|a Foster, Brett,
|d 1973-
|
| 852 |
4 |
|
|a Ayesha Abed Library
|j General shelf
|
| 999 |
|
|
|c 10788
|d 10788
|
| 952 |
|
|
|0 0
|1 0
|2 ddc
|4 0
|6 821_300000000000000_SON
|7 0
|9 16254
|a BRACUL
|b BRACUL
|c GEN
|d 2011-05-03
|e Friends book corner
|g 666.00
|l 11
|m 47
|o 821.3 SON
|p 3010022420
|r 2024-10-22
|s 2024-06-12
|t 1
|w 2011-05-03
|y BK
|